Districts of Andhra Pradesh (New) - Statistics

General Stats
  • This quiz has been taken 87 times
  • The average score is 17 of 26
Answers on the Map
Answers color-coded by a green-red scale on the quiz's map according to % correct below.
 
Answer Stats
Answer % Correct
Visakhapatnam
96%
YSR Kadapa
89%
Kurnool
86%
Chittoor
82%
Srikakulam
82%
Sri Potti Sri Ramulu Nellore
82%
Vizianagaram
82%
Guntur
79%
Tirupati
79%
East Godavari
71%
Krishna
71%
Prakasam
68%
West Godavari
68%
Ananthapuramu
64%
NTR
64%
Nandyal
54%
Alluri SItharama Raju
50%
Annamayya
50%
Dr. B. R. Ambedkar Konaseema
50%
Palnadu
50%
Bapatla
46%
Eluru
46%
Kakinada
46%
Parvathipuram Manyam
46%
Anakapalli
39%
Sri Sathya Sai
39%
No matching quizzes found
Score Distribution
Percent of People with Each Score
Percentile by Number Answered
Your Score History
You have not taken this quiz